000 00285nam a22001337a 4500
008 170717b xxu||||| |||| 00| 0 eng d
020 _a0231120605
041 _aeng
080 _a2
100 _a24
101 _aTEO
245 _aJUDAISM IN AMERICA
_cRAPHAEL, M.L
942 _2udc
_cBK
999 _c21309
_d21309